[Event "Politiken Larsen Blitz"]
[Site "Copenhagen DEN"]
[Date "2010.08.05"]
[Round "1"]
[White "Svidler,P"]
[Black "Nielsen,PH"]
[Result "0-1"]
[WhiteElo "2734"]
[BlackElo "2700"]
[EventDate "2010.08.05"]

1. e4 d5 2. exd5 Qxd5 3. Nc3 Qa5 4. d4 c6 5. Bc4 Nf6 6. Nf3 Bf5 7. Bd2 e6
8. Nd5 Qd8 9. Nxf6+ gxf6 10. Bb3 Nd7 11. Qe2 Qc7 12. Nh4 Bg6 13. O-O-O
O-O-O 14. f4 f5 15. h3 Nf6 16. c3 Bh5 17. Nf3 Bd6 18. g3 Ne4 19. Rhg1 Rhg8
20. g4 Nxd2 21. Nxd2 Bg6 22. Bc2 fxg4 23. f5 exf5 24. hxg4 Rge8 25. Qf3
fxg4 26. Qxg4+ Kb8 27. Rdf1 a6 28. Nc4 Ka7 29. Nxd6 Rxd6 30. Qf4 Bxc2 31.
Kxc2 Re2+ 32. Kb1 Qb6 33. Qc1 Rh6 34. Re1 Rhh2 35. Rxe2 Rxe2 36. a3 Qb5 37.
Rg5 Rxb2+ 0-1

[Event "Politiken Larsen Blitz"]
[Site "Copenhagen DEN"]
[Date "2010.08.05"]
[Round "4"]
[White "Nielsen,PH"]
[Black "Svidler,P"]
[Result "1-0"]
[WhiteElo "2700"]
[BlackElo "2734"]
[EventDate "2010.08.05"]

1. d4 Nf6 2. c4 g6 3. Nc3 d5 4. Bf4 Bg7 5. e3 c6 6. Nf3 O-O 7. h3 Qa5 8.
Be2 dxc4 9. Bxc4 Nd5 10. O-O Nxf4 11. exf4 Qc7 12. Ne5 Nd7 13. Qb3 e6 14.
Ne4 Nb6 15. Be2 Nd5 16. g3 Ne7 17. Rfd1 b6 18. Rac1 Bb7 19. Bf3 Rad8 20.
Ng5 Rd6 21. h4 Nf5 22. d5 exd5 23. Bxd5 Bxe5 24. fxe5 Rxd5 25. Qxd5 h6 26.
Ne4 c5 27. Qd7 Qb8 28. Nd6 Bf3 29. Nxf5 gxf5 30. Rd6 1-0

[Event "Politiken Larsen Blitz"]
[Site "Copenhagen DEN"]
[Date "2010.08.05"]
[Round "8"]
[White "Nielsen,PH"]
[Black "Svidler,P"]
[Result "1/2-1/2"]
[WhiteElo "2700"]
[BlackElo "2734"]
[EventDate "2010.08.05"]

1. d4 Nf6 2. c4 g6 3. Nc3 Bg7 4. e4 O-O 5. Be2 d6 6. Nf3 e5 7. O-O Nbd7 8.
Qc2 c6 9. Rd1 Qe7 10. d5 c5 11. Bg5 h6 12. Bd2 Ne8 13. g3 f5 14. Nh4 Qf7
15. exf5 gxf5 16. f3 Nb6 17. a4 Bd7 18. Kh1 Nc8 19. f4 e4 20. Rg1 h5 21.
Nd1 a5 22. Ne3 Bd4 23. Rg2 Ne7 24. h3 Qh7 25. Rh2 Nf6 26. Rg1 Kf7 27. Rgg2
Rh8 28. Nd1 b6 29. b3 Rag8 30. Bc3 Qg7 31. Qd2 Bxc3 32. Qxc3 Ke8 33. Ne3
Kd8 34. Kg1 Kc7 35. Kf1 Ng4 36. Qxg7 Nxh2+ 37. Rxh2 Rxg7 38. Kf2 Kd8 39.
Rh1 Ke8 40. Rh2 Kf7 41. Rh1 Kf6 42. Rb1 1/2-1/2

[Event "Politiken Larsen Blitz"]
[Site "Copenhagen DEN"]
[Date "2010.08.05"]
[Round "10"]
[White "Nielsen,PH"]
[Black "Svidler,P"]
[Result "0-1"]
[WhiteElo "2700"]
[BlackElo "2734"]
[EventDate "2010.08.05"]

1. d4 g6 2. c4 Bg7 3. e4 Nc6 4. Be3 e5 5. dxe5 Nxe5 6. Nc3 Nf6 7. Be2 O-O
8. Nf3 Nfg4 9. Bf4 d6 10. O-O Be6 11. Nd2 h5 12. h3 Qf6 13. Bg3 h4 14. Bxe5
Nxe5 15. Nd5 Qd8 16. f4 Nd7 17. Nf3 c6 18. Nc3 Qb6+ 19. Kh1 Qxb2 20. Rc1
Bxc3 21. f5 gxf5 22. exf5 Bxf5 23. Nxh4 Bh7 24. Bd3 Bxd3 25. Qxd3 Bg7 26.
Nf5 Rae8 27. Qg3 Re6 28. Rce1 Qc3 29. Qh4 Rfe8 30. Rxe6 Rxe6 31. Ne7+ Rxe7
32. Qxe7 Qxc4 33. Rf3 Ne5 34. Qd8+ Kh7 35. Rf5 Bh6 36. Qf6 Qe6 0-1